MARC details
| 000 -LEADER |
| fixed length control field |
03257cam a22004937i 4500 |
| 001 - CONTROL NUMBER |
| control field |
19135776 |
| 003 - CONTROL NUMBER IDENTIFIER |
| control field |
ARRUPE |
| 005 - DATE AND TIME OF LATEST TRANSACTION |
| control field |
20181108114050.0 |
| 008 - FIXED-LENGTH DATA ELEMENTS--GENERAL INFORMATION |
| fixed length control field |
160614t20162015nyua 001 0 eng d |
| 010 ## - LIBRARY OF CONGRESS CONTROL NUMBER |
| LC control number |
2016304894 |
| 020 ## - INTERNATIONAL STANDARD BOOK NUMBER |
| International Standard Book Number |
9780399184413 (hbk) |
| 020 ## - INTERNATIONAL STANDARD BOOK NUMBER |
| International Standard Book Number |
0399184414 (hbk) |
| 035 ## - SYSTEM CONTROL NUMBER |
| System control number |
(OCoLC)ocn933728535 |
| 040 ## - CATALOGING SOURCE |
| Original cataloging agency |
AZZPT |
| Language of cataloging |
eng |
| Transcribing agency |
AZZPT |
| Description conventions |
rda |
| Modifying agency |
YDXCP |
| -- |
BTCTA |
| -- |
BDX |
| -- |
OCLCQ |
| -- |
CO2 |
| -- |
PX0 |
| -- |
CGL |
| -- |
OCLCQ |
| -- |
FM0 |
| -- |
VP@ |
| -- |
LIV |
| -- |
SFR |
| -- |
OVY |
| -- |
OCLCF |
| -- |
LMR |
| -- |
OBE |
| -- |
OCLCO |
| -- |
NDS |
| -- |
DLC |
| 041 1# - LANGUAGE CODE |
| Language code of text/sound track or separate title |
eng |
| Language code of original and/or intermediate translations of text |
ita |
| 042 ## - AUTHENTICATION CODE |
| Authentication code |
lccopycat |
| 050 00 - LIBRARY OF CONGRESS CALL NUMBER |
| Classification number |
QC24.5 |
| Item number |
.R68313 2016 |
| 082 04 - DEWEY DECIMAL CLASSIFICATION NUMBER |
| Classification number |
530 |
| Edition number |
23 |
| 300 ## - PHYSICAL DESCRIPTION |
| Other physical details |
illustrations ; |
| Dimensions |
20 cm |
| 100 1# - MAIN ENTRY--PERSONAL NAME |
| Personal name |
Rovelli, Carlo, |
| Dates associated with a name |
1956- |
| Relator term |
author. |
| 9 (RLIN) |
43297 |
| 245 10 - TITLE STATEMENT |
| Title |
Seven brief lessons on physics / |
| Statement of responsibility, etc |
Carlo Rovelli ; translated by Simon Carnell and Erica Segre. |
| 260 ## - PUBLICATION, DISTRIBUTION, ETC. (IMPRINT) |
| Place of publication, distribution, etc |
United Kingdom |
| Name of publisher, distributor, etc |
Penguin Books |
| Date of publication, distribution, etc |
2015 |
| 300 ## - PHYSICAL DESCRIPTION |
| Extent |
86 pages : |
| 500 ## - GENERAL NOTE |
| General note |
Translation from the Italian of: Sette brevi lezioni di fisica. |
| 500 ## - GENERAL NOTE |
| General note |
"English translation published in Great Britain by Allen Lane, an imprint of Penguin Random House UK"--Title page verso. |
| 500 ## - GENERAL NOTE |
| General note |
Includes index. |
| 505 0# - FORMATTED CONTENTS NOTE |
| Formatted contents note |
The most beautiful of theories -- Quanta -- The architecture of the cosmos -- Particles -- Grains of space -- Probability, time, and the heat of black holes -- Ourselves. |
| 520 ## - SUMMARY, ETC. |
| Summary, etc |
'Here, on the edge of what we know, in contact with the ocean of the unknown, shines the mystery and the beauty of the world. And it's breathtaking' These seven short, simple lessons guide us through the scientific revolution that shook physics in the twentieth century and still continues to shake us today. Theoretical physicist Carlo Rovelli, a founder of the loop quantum gravity theory. explains Einstein's theory of general relativity, quantum mechanics, black holes, the complex architecture of the universe, elementary particles, gravity, and the nature of the mind. In under eighty pages, readers will understand the most transformative scientific discoveries of the twentieth century and what they mean for us. |
| 650 #0 - SUBJECT ADDED ENTRY--TOPICAL TERM |
| Topical term or geographic name as entry element |
Physics |
| Form subdivision |
Popular works. |
| 9 (RLIN) |
17841 |
| 650 #0 - SUBJECT ADDED ENTRY--TOPICAL TERM |
| Topical term or geographic name as entry element |
Physics |
| General subdivision |
History |
| Chronological subdivision |
20th century. |
| 9 (RLIN) |
43298 |
| 700 1# - ADDED ENTRY--PERSONAL NAME |
| Personal name |
Carnell, Simon, |
| Dates associated with a name |
1962- |
| Relator term |
translator. |
| 9 (RLIN) |
43299 |
| 700 1# - ADDED ENTRY--PERSONAL NAME |
| Personal name |
Segre, Erica, |
| Relator term |
translator. |
| 9 (RLIN) |
43300 |
| 775 08 - OTHER EDITION ENTRY |
| Display text |
Reproduction of (manifestation): |
| Main entry heading |
Rovelli, Carlo, 1956- |
| Title |
Seven brief lessons on physics. |
| Place, publisher, and date of publication |
[London] : Allen Lane, an imprint of Penguin Books, 2015 |
| International Standard Book Number |
9780241235966 |
| 856 42 - ELECTRONIC LOCATION AND ACCESS |
| Materials specified |
Contributor biographical information |
| Uniform Resource Identifier |
<a href="https://www.loc.gov/catdir/enhancements/fy1618/2016304894-b.html">https://www.loc.gov/catdir/enhancements/fy1618/2016304894-b.html</a> |
| 856 42 - ELECTRONIC LOCATION AND ACCESS |
| Materials specified |
Publisher description |
| Uniform Resource Identifier |
<a href="https://www.loc.gov/catdir/enhancements/fy1618/2016304894-d.html">https://www.loc.gov/catdir/enhancements/fy1618/2016304894-d.html</a> |
| 856 41 - ELECTRONIC LOCATION AND ACCESS |
| Materials specified |
Sample text |
| Uniform Resource Identifier |
<a href="https://www.loc.gov/catdir/enhancements/fy1618/2016304894-s.html">https://www.loc.gov/catdir/enhancements/fy1618/2016304894-s.html</a> |
| 906 ## - LOCAL DATA ELEMENT F, LDF (RLIN) |
| a |
7 |
| b |
cbc |
| c |
copycat |
| d |
2 |
| e |
ncip |
| f |
20 |
| g |
y-gencatlg |
| 942 ## - ADDED ENTRY ELEMENTS (KOHA) |
| Source of classification or shelving scheme |
Library of Congress Classification |
| Koha item type |
Monograph ( Printed materials) |